[Event "Asia-ch Universities"]
[Site "Chess.com INT"]
[Date "2020.12.29"]
[Round "9"]
[White "Alibabaei, Sasan"]
[Black "Herath, HMAK"]
[Result "0-1"]
[WhiteElo "2039"]
[BlackElo "1754"]
[PlyCount "106"]
[EventDate "2020.12.27"]
[EventType "swiss"]
[EventRounds "9"]
[EventCountry "IRI"]
[SourceTitle "CBM 200 Extra"]
[Source "ChessBase"]
[SourceDate "2021.03.31"]
[SourceVersion "1"]
[SourceVersionDate "2021.03.31"]
[SourceQuality "1"]

1. e4 c5 2. Nf3 d6 3. d4 cxd4 4. Nxd4 Nf6 5. Nc3 a6 6. Be2 Nbd7 7. 0-0 e6 8. Kh1 Qc7 9. f4 b5 10. a3 Bb7 11. Bf3 Be7 12. Qe1 0-0 13. Be3 Nb6 14. Rd1 Nc4 15. Bc1 Rfd8 16. b3 Nb6 17. Bb2 Rac8 18. Qf2 d5 19. exd5 Nbxd5 20. Nxd5 Nxd5 21. Qg3 Bf8 22. Be4 Ne7 23. Bd3 Ng6 24. h4 Rd5 25. Qf2 Rh5 26. Bxg6 hxg6 27. Kh2 g5 28. Nf3 Bxf3 29. Qxf3 Rxh4+ 30. Kg1 Rxf4 31. Qe3 Rh4 32. g3 Bc5 33. Rd4 e5 34. gxh4 exd4 35. Qe4 Qg3+ 36. Qg2 d3+ 37. Kh1 Qxh4+ 38. Qh2 Qxh2+ 39. Kxh2 Bd6+ 40. Kh3 Rxc2 41. Bc1 d2 42. Bxd2 Rxd2 43. a4 bxa4 44. bxa4 f6 45. a5 Bf4 46. Rb1 f5 47. Rb8+ Kf7 48. Rf8+ Ke6 49. Rf6+ Ke5 50. Re6+ Kd4 51. Rd6+ Ke3 52. Re6+ Kf2 53. Re3 Bxe3 0-1

[Event "SRI-chB"]
[Site "Narahenpita"]
[Date "2017.05.13"]
[Round "2"]
[White "Herath, HMAK"]
[Black "Alahakoon, Isuru"]
[Result "0-1"]
[WhiteElo "1798"]
[BlackElo "2047"]
[PlyCount "52"]
[EventDate "2017.05.12"]
[EventType "swiss"]
[EventRounds "10"]
[EventCountry "SRI"]
[SourceTitle "CBM 178 Extra"]
[Source "ChessBase"]
[SourceDate "2017.06.22"]
[SourceVersion "1"]
[SourceVersionDate "2017.06.22"]
[SourceQuality "1"]

1. e4 d6 2. d4 Nf6 3. Nc3 Nbd7 4. Bc4 e5 5. Nf3 Be7 6. 0-0 c6 7. a4 h6 8. Qe2 Qc7 9. Be3 Nf8 10. Nd2 g5 11. f3 Ng6 12. Qf2 Nf4 13. Kh1 h5 14. a5 h4 15. dxe5 dxe5 16. Bxa7 N6h5 17. Rfd1 Ng3+ 18. Kg1 Bh3 19. Bb6 Qd6 20. Bf1 Nxf1 21. Nxf1 Qe6 22. Ne3 Bxg2 23. Qd2 Bxf3 24. Re1 g4 25. Nf5 Rg8 26. Nd1 Qc4 0-1

[Event "Wch U16"]
[Site "Khanty-Mansiysk"]
[Date "2016.09.29"]
[Round "7"]
[White "Voinikonis, Nikita"]
[Black "Herath, HMAK"]
[Result "1-0"]
[WhiteElo "2055"]
[BlackElo "1860"]
[PlyCount "61"]
[EventDate "2016.09.22"]
[EventType "swiss"]
[EventRounds "11"]
[EventCountry "RUS"]
[SourceTitle "EXT 2017"]
[Source "ChessBase"]
[SourceDate "2016.10.25"]
[SourceVersion "1"]
[SourceVersionDate "2016.10.25"]
[SourceQuality "1"]

1. d4 d5 2. c4 e6 3. Nf3 Nf6 4. g3 Be7 5. Bg2 0-0 6. 0-0 b6 7. Qc2 Bb7 8. Rd1 Nbd7 9. Ne5 c5 10. Bf4 Qc8 11. Qa4 cxd4 12. cxd5 Nxe5 13. Bxe5 Bxd5 14. Bxd5 Nxd5 15. Bxd4 Rd8 16. e4 Nb4 17. Nc3 Qb7 18. a3 Nc6 19. Be3 Rac8 20. Qb5 Na5 21. b4 Nc6 22. f4 Nb8 23. Rxd8+ Rxd8 24. Kf2 Qc6 25. Rc1 Kf8 26. Qxc6 Nxc6 27. Nb5 Nb8 28. Nxa7 Nd7 29. Nc8 b5 30. Na7 Rb8 31. Rc7 1-0

[Event "Wch U16"]
[Site "Khanty-Mansiysk"]
[Date "2016.09.28"]
[Round "6"]
[White "Herath, HMAK"]
[Black "Van der Meer, Anthony"]
[Result "1-0"]
[WhiteElo "1860"]
[BlackElo "1073"]
[PlyCount "47"]
[EventDate "2016.09.22"]
[EventType "swiss"]
[EventRounds "11"]
[EventCountry "RUS"]
[SourceTitle "EXT 2017"]
[Source "ChessBase"]
[SourceDate "2016.10.25"]
[SourceVersion "1"]
[SourceVersionDate "2016.10.25"]
[SourceQuality "1"]

1. e4 e5 2. f4 exf4 3. Bc4 Qh4+ 4. Kf1 Bd6 5. Nf3 Qe7 6. Nc3 Nf6 7. Qe2 Nc6 8. d4 Nh5 9. e5 Bb4 10. Nd5 Qd8 11. c3 Ba5 12. Nxf4 Nxf4 13. Bxf4 0-0 14. Bd3 Ne7 15. Qe4 Ng6 16. Bg5 Qe8 17. h4 Qe6 18. h5 d5 19. exd6 Qxe4 20. Bxe4 Nh8 21. Be7 Re8 22. Ng5 g6 23. hxg6 Nxg6 24. Nxh7 1-0

[Event "Wch U16"]
[Site "Khanty-Mansiysk"]
[Date "2016.09.22"]
[Round "1"]
[White "Herath, HMAK"]
[Black "Ozen, Bahadir"]
[Result "0-1"]
[WhiteElo "1860"]
[BlackElo "2304"]
[PlyCount "54"]
[EventDate "2016.09.22"]
[EventType "swiss"]
[EventRounds "11"]
[EventCountry "RUS"]
[SourceTitle "EXT 2017"]
[Source "ChessBase"]
[SourceDate "2016.10.25"]
[SourceVersion "1"]
[SourceVersionDate "2016.10.25"]
[SourceQuality "1"]

1. e4 g6 2. d4 Bg7 3. Nc3 d6 4. f4 a6 5. Nf3 b5 6. Bd3 Bb7 7. 0-0 Nd7 8. Ne2 Ngf6 9. Ng3 0-0 10. c3 e5 11. Re1 Re8 12. f5 exd4 13. cxd4 c5 14. d5 c4 15. Bc2 Ng4 16. Nd4 Bxd4+ 17. Qxd4 Qh4 18. Bf4 Qxh2+ 19. Kf1 Nde5 20. Qg1 Qh4 21. Nh1 gxf5 22. exf5 Bxd5 23. Be4 Nd3 24. Bg3 Qh5 25. Bxd5 Qxf5+ 26. Bf3 Nxe1 27. Rxe1 Rxe1+ 0-1

[Event "SRI-chB"]
[Site "Colombo"]
[Date "2016.03.13"]
[Round "3"]
[White "Herath, HMAK"]
[Black "Doluweera, Minul Sanjula"]
[Result "1/2-1/2"]
[WhiteElo "1868"]
[BlackElo "2112"]
[PlyCount "83"]
[EventDate "2016.03.12"]
[EventType "swiss"]
[EventRounds "10"]
[EventCountry "SRI"]
[SourceTitle "CBM 171 Extra"]
[Source "ChessBase"]
[SourceDate "2016.04.26"]
[SourceVersion "1"]
[SourceVersionDate "2016.04.26"]
[SourceQuality "1"]

1. e4 c6 2. d4 d5 3. Nc3 dxe4 4. Nxe4 Bf5 5. Ng3 Bg6 6. Nf3 Nd7 7. h4 h6 8. h5 Bh7 9. Bd3 Bxd3 10. Qxd3 e6 11. Bd2 Ngf6 12. 0-0-0 Be7 13. Ne4 Nxe4 14. Qxe4 Nf6 15. Qe2 Qd5 16. c4 Qe4 17. Qxe4 Nxe4 18. Be3 Rc8 19. Kc2 0-0 20. b3 Rfd8 21. Nd2 Nd6 22. Nf3 Bf6 23. g4 b5 24. c5 Ne4 25. Nd2 Nxd2 26. Rxd2 Rd5 27. Rhd1 Rcd8 28. f3 Kf8 29. a3 a5 30. b4 Ra8 31. Kb3 Rd7 32. Ra2 Rda7 33. Rdd2 Kg8 34. a4 Rb7 35. Rdc2 Rab8 36. bxa5 bxa4+ 37. Kc3 Rb3+ 38. Kd2 a3 39. Rc3 Rb2+ 40. Rc2 R2b3 41. Rc3 Rb2+ 42. Rc2 1/2-1/2

[Event "SRI-ch"]
[Site "Malabe"]
[Date "2015.07.13"]
[Round "13"]
[White "Herath, HMAK"]
[Black "Thilakarathne, GM Harshana"]
[Result "1/2-1/2"]
[WhiteElo "2014"]
[BlackElo "1972"]
[PlyCount "48"]
[EventDate "2015.07.04"]
[EventType "tourn"]
[EventRounds "13"]
[EventCountry "SRI"]
[SourceTitle "CBM 167 Extra"]
[Source "ChessBase"]
[SourceDate "2015.09.14"]
[SourceVersion "1"]
[SourceVersionDate "2015.09.14"]
[SourceQuality "1"]

1. e4 e5 2. f4 d5 3. exd5 exf4 4. Nf3 Nf6 5. Bc4 Nxd5 6. 0-0 Be6 7. Qe2 c5 8. Nc3 Be7 9. Bxd5 Bxd5 10. d3 Nc6 11. Bxf4 0-0 12. Rae1 Bf6 13. Qd2 Nd4 14. Nxd4 Bxd4+ 15. Be3 Bc6 16. Qf2 Bxe3 17. Qxe3 b6 18. Qf4 Qd7 19. Nd1 Rae8 20. Qg3 f5 21. Qf4 Qd5 22. Qf2 Qd7 23. Qf4 Qd5 24. Qf2 Qd7 1/2-1/2

[Event "SRI-ch"]
[Site "Malabe"]
[Date "2015.07.11"]
[Round "9"]
[White "Priyankara, Chamil Y"]
[Black "Herath, HMAK"]
[Result "1-0"]
[WhiteElo "2018"]
[BlackElo "2014"]
[PlyCount "115"]
[EventDate "2015.07.04"]
[EventType "tourn"]
[EventRounds "13"]
[EventCountry "SRI"]
[SourceTitle "CBM 167 Extra"]
[Source "ChessBase"]
[SourceDate "2015.09.14"]
[SourceVersion "1"]
[SourceVersionDate "2015.09.14"]
[SourceQuality "1"]

1. e4 c5 2. Nf3 d6 3. g3 Nf6 4. d3 g6 5. Bg2 Bg7 6. 0-0 Nc6 7. Re1 0-0 8. c3 Qc7 9. Nbd2 b5 10. d4 e5 11. d5 Ne7 12. a4 bxa4 13. Qxa4 Bd7 14. Qa5 Qxa5 15. Rxa5 Rfb8 16. Bf1 Ne8 17. Nc4 Nc8 18. Be3 Nb6 19. Nfd2 Nxc4 20. Nxc4 Bb5 21. Rea1 Bxc4 22. Bxc4 Rxb2 23. Rxa7 Rxa7 24. Rxa7 Rb8 25. Kg2 Rd8 26. g4 h6 27. Bb5 g5 28. c4 Nf6 29. Kf3 Bf8 30. Bd2 Kg7 31. Ba5 Rc8 32. h3 Kg8 33. Ke3 Kg7 34. f3 h5 35. Kd3 hxg4 36. hxg4 Kg6 37. Bc7 Ne8 38. Bb6 Kf6 39. Kc3 Be7 40. Ra2 Bd8 41. Bd7 Rb8 42. Ba7 Rb1 43. Bxe8 Ke7 44. Bc6 Rf1 45. Bb8 Rxf3+ 46. Kb2 Rf2+ 47. Kb3 Rf3+ 48. Ka4 Rc3 49. Rb2 Rxc4+ 50. Ka3 Rxe4 51. Rb7+ Kf6 52. Bxd6 Rxg4 53. Bxc5 Rg3+ 54. Kb4 e4 55. Rd7 e3 56. Rxd8 e2 57. Re8 Rg2 58. d6 1-0

[Event "SRI-ch"]
[Site "Malabe"]
[Date "2015.07.10"]
[Round "7"]
[White "Alahakoon, Isuru"]
[Black "Herath, HMAK"]
[Result "1-0"]
[WhiteElo "2054"]
[BlackElo "2014"]
[PlyCount "69"]
[EventDate "2015.07.04"]
[EventType "tourn"]
[EventRounds "13"]
[EventCountry "SRI"]
[SourceTitle "CBM 167 Extra"]
[Source "ChessBase"]
[SourceDate "2015.09.14"]
[SourceVersion "1"]
[SourceVersionDate "2015.09.14"]
[SourceQuality "1"]

1. e4 c5 2. Nf3 d6 3. d4 cxd4 4. Nxd4 Nf6 5. Nc3 g6 6. Be3 Bg7 7. f3 0-0 8. Qd2 Nc6 9. 0-0-0 Bd7 10. g4 Ne5 11. h4 Qa5 12. Nb3 Qc7 13. Be2 Rfc8 14. h5 a5 15. hxg6 fxg6 16. g5 Nh5 17. Nd5 Qd8 18. Bb6 Qf8 19. Nc7 a4 20. Na5 Ng3 21. Nxa8 Nxh1 22. Rxh1 Rxa8 23. f4 Nc6 24. Bc4+ e6 25. Nxc6 bxc6 26. Qh2 Qb8 27. Qxh7+ Kf8 28. f5 Bxb2+ 29. Kxb2 Qxb6+ 30. Kc3 Qe3+ 31. Bd3 Qc5+ 32. Kd2 Qf2+ 33. Kd1 d5 34. f6 Qf3+ 35. Be2 1-0

[Event "SRI-ch"]
[Site "Malabe"]
[Date "2015.07.06"]
[Round "5"]
[White "Piyumantha, M Sasith Nipun"]
[Black "Herath, HMAK"]
[Result "0-1"]
[WhiteElo "1928"]
[BlackElo "2014"]
[PlyCount "84"]
[EventDate "2015.07.04"]
[EventType "tourn"]
[EventRounds "13"]
[EventCountry "SRI"]
[SourceTitle "CBM 167 Extra"]
[Source "ChessBase"]
[SourceDate "2015.09.14"]
[SourceVersion "1"]
[SourceVersionDate "2015.09.14"]
[SourceQuality "1"]

1. d4 d5 2. c4 e6 3. Nf3 c5 4. cxd5 exd5 5. g3 Nc6 6. Bg2 Nf6 7. 0-0 Be7 8. Nc3 0-0 9. Bg5 cxd4 10. Nxd4 h6 11. Be3 Re8 12. Rc1 Bg4 13. h3 Bd7 14. Kh2 Be6 15. Nxc6 bxc6 16. Na4 Bd7 17. Bc5 Qc8 18. Bxe7 Rxe7 19. Nc5 h5 20. Re1 Bf5 21. Qd4 Qe8 22. Bf3 Be4 23. Bxe4 Nxe4 24. Nxe4 Rxe4 25. Qd3 Qe6 26. Rc2 a5 27. Qc3 Qf5 28. Qc5 Rae8 29. Kg2 R8e6 30. Rc3 Rxe2 31. Rxe2 Rxe2 32. Rf3 Qe6 33. Qxa5 Rxb2 34. Qd8+ Kh7 35. a4 c5 36. Qg5 g6 37. Rd3 Qc6 38. Qe7 Rb7 39. Qf8 d4+ 40. Rf3 d3 41. Qd8 Rd7 42. Qg5 d2 0-1

[Event "SRI-ch"]
[Site "Malabe"]
[Date "2015.07.05"]
[Round "3"]
[White "Kurukulasuriya, Prasanna"]
[Black "Herath, HMAK"]
[Result "1/2-1/2"]
[WhiteElo "2084"]
[BlackElo "2014"]
[PlyCount "93"]
[EventDate "2015.07.04"]
[EventType "tourn"]
[EventRounds "13"]
[EventCountry "SRI"]
[SourceTitle "CBM 167 Extra"]
[Source "ChessBase"]
[SourceDate "2015.09.14"]
[SourceVersion "1"]
[SourceVersionDate "2015.09.14"]
[SourceQuality "1"]

1. e4 c5 2. Nf3 d6 3. d4 cxd4 4. Nxd4 Nf6 5. Nc3 g6 6. Be3 Bg7 7. f3 0-0 8. Qd2 Nc6 9. Bc4 Bd7 10. 0-0-0 Rb8 11. Bb3 Ne5 12. Bh6 b5 13. g4 Qb6 14. Bxg7 Kxg7 15. g5 Nh5 16. Nd5 Qd8 17. f4 Nc4 18. Bxc4 bxc4 19. f5 Kh8 20. Qc3 Kg8 21. h4 Rc8 22. Rhe1 Rc5 23. Ne3 e5 24. Ng4 f6 25. Nf3 Qe7 26. Rg1 Kh8 27. fxg6 hxg6 28. gxf6 Nxf6 29. Nxf6 Qxf6 30. Ng5 Rc6 31. Kb1 Qf4 32. a3 Kg7 33. h5 Bg4 34. Qb4 Rb6 35. Qa5 Rfb8 36. Ne6+ Bxe6 37. Rxg6+ Kf7 38. Qxa7+ R8b7 39. Qa8 Rxb2+ 40. Ka1 Ke7 41. Rxe6+ Kxe6 42. Qe8+ Kf6 43. Qg6+ Ke7 44. Qxd6+ Kf7 45. Qg6+ Ke7 46. Qd6+ Kf7 47. Qg6+ 1/2-1/2

[Event "SRI-chB"]
[Site "Malabe"]
[Date "2015.06.21"]
[Round "6"]
[White "Herath, HMAK"]
[Black "Prabajith, Asela"]
[Result "1-0"]
[WhiteElo "1910"]
[BlackElo "1845"]
[PlyCount "61"]
[EventDate "2015.06.19"]
[EventType "swiss"]
[EventRounds "10"]
[EventCountry "SRI"]
[SourceTitle "CBM 167 Extra"]
[Source "ChessBase"]
[SourceDate "2015.09.14"]
[SourceVersion "1"]
[SourceVersionDate "2015.09.14"]
[SourceQuality "1"]

1. e4 e6 2. d4 d5 3. Nc3 dxe4 4. Nxe4 Bd7 5. Nf3 Bc6 6. Bd3 Nd7 7. 0-0 Ngf6 8. Ng3 Be7 9. Qe2 Bxf3 10. Qxf3 c6 11. Qe2 0-0 12. f4 Bd6 13. Ne4 Nxe4 14. Qxe4 Nf6 15. Qf3 Qb6 16. c3 c5 17. dxc5 Bxc5+ 18. Kh1 Rfd8 19. b4 Bd6 20. Bb2 Be7 21. a3 Nd5 22. Rae1 Bf6 23. f5 exf5 24. Qxf5 g6 25. Qf3 Qc7 26. Be4 Bh4 27. Bxd5 Bxe1 28. Bxf7+ Kg7 29. c4+ Kh6 30. Qh3+ Kg5 31. Bf6# 1-0

[Event "World School-ch U15 11th"]
[Site "Pattaya"]
[Date "2015.05.14"]
[Round "9"]
[White "Voinikonis, Nikita"]
[Black "Herath, HMAK"]
[Result "1-0"]
[WhiteElo "1932"]
[BlackElo "1774"]
[PlyCount "69"]
[EventDate "2015.05.07"]
[EventType "swiss"]
[EventRounds "9"]
[EventCountry "THA"]
[SourceTitle "CBM 166 Extra"]
[Source "ChessBase"]
[SourceDate "2015.06.18"]
[SourceVersion "1"]
[SourceVersionDate "2015.06.18"]
[SourceQuality "1"]

1. e4 c5 2. Nf3 d6 3. d4 cxd4 4. Nxd4 Nf6 5. f3 e5 6. Nb3 d5 7. Bg5 dxe4 8. Qxd8+ Kxd8 9. Bxf6+ gxf6 10. fxe4 f5 11. Nc3 Be6 12. 0-0-0+ Kc8 13. exf5 Bxf5 14. Bc4 Bg6 15. Rdf1 Bh6+ 16. Kb1 Rf8 17. h4 f5 18. Be6+ Kc7 19. h5 Bf7 20. Bxf5 Bg8 21. Be4 Nc6 22. Bd5 Rad8 23. Bxg8 Rxg8 24. Rf7+ Kc8 25. Rxh7 Bf4 26. h6 Rxg2 27. Rg7 Rg5 28. Nc5 Rg8 29. Nd5 b6 30. Ne6 Rg3 31. Nf6 R8xg7 32. hxg7 Ne7 33. c4 Rg6 34. Rh8+ Kb7 35. Re8 1-0